000 00398 a2200145 4500
001 165737
020 _a
040 _cMagnum
100 _aOliveira, Maria Rita Neto Sales Et Al.
240 1 0 _aA reconstrucao da didatica - elementos teorico - metodologicos
_lpor
245 1 0 _aA reconstrucao da didatica - elementos teorico - metodologicos
362 0 _a1899
697 _aENSINO
942 _cBK
999 _c165737
_d165737